000 00598nam a2200229Ia 4500
003 OSt
005 20221007081129.0
006 a|||||r|||| 00| 0
007 ta
008 221006b |||||||| |||| 00| 0 eng d
024 _a25,982
037 _cTextual
040 _aFLL
_cFLL
_beng
041 _2eng
_aeng
082 _aZ73:1225, K0
100 _aLeavy Morton L.
_9696496
245 0 _aLaw of adoption
260 _aNew York
_bOceana Publications New
_c1968
300 _av,1-114p
_ccm.
942 _hZ73:1225, K0
_cTEXL
_2CC
999 _c1162142
_d1162142